000 00555nam a22001697a 4500
005 20250123134842.0
008 250123b |||||||| |||| 00| 0 eng d
020 _a9780534589516
050 _aRA781
_b.H59
100 _aHoeger, Werner W. K.
245 _aPrinciples and Labs for Fitness and Wellness/
_binstructor's edition
_cWerner W. K. Hoeger, Sharon A. Hoeger
250 _a6th ed.
260 _aAustralia
_bWadsworth Thomson Learning
_c2002
300 _axiv. 450p.
_bill. color
_c27.5cm
700 _aHoeger, Sharon A.
942 _2lcc
_cBK
_e6th ed.
_n0
999 _c2929
_d2929